00725 2200217 4500001002100000005001700021008004100038035002400079082001100103090002200114100001800136245015400154260002800308300003100336500006100367500002600428650002300454850000900477985000600486999001500492YOGYA-0209000007254920090227093631.0 ind  0010-020900000072549 a384.55 a384.55bEka PlSK aEKA HANDAYANI aPengaruh iklan terhadap tingkat pendapatan dan peningkatan mutu siaran suatu studi kelayakan ddi TVRI Stasiun YogyakartacDiajukan oleh Eka Handayani aYogyakartab[s.n]c1995 ax,68,[6]lembarbilusc30cm aSkripsi Sekolah Tinggi Ilmu Ekonomi Kerjasama Yogyakarta aBibliografi:lembar 68 aTelevisi-penyiaran aBPAD a1 a08A0036431